| 000 | 00355nam a2200133Ia 4500 | ||
|---|---|---|---|
| 001 | 138572 | ||
| 003 | 230742 | ||
| 005 | 20201025200354.0 | ||
| 008 | ||||||n9999 ||| || || | ||
| 100 |
_aPeña Basto , Omar Ricardo _9169578 |
||
| 245 | 0 | _aCalidad de vida y producción en el área metropolitana de Bucaramanga | |
| 562 | _e1 | ||
| 942 | _cTESIS | ||
| 999 |
_c138572 _d138572 |
||